000 01196cam a2200325 a 4500
999 _c331728
_d331728
001 3502939
003 NUST
005 20171019124416.0
008 950112s1994 pk ab b 001 0 eng c
010 _a 94930556
020 _a9698031197 :
_cRs395.00
025 _aP-E-030096
040 _aDLC/CU
_cCU
_dDLC
042 _alcnccp
043 _aa-ii---
_aa-pk---
_aa-bg---
050 0 0 _aDS388
_b.M39 1994
082 0 0 _a954.92051
_bMAT
100 1 _aMatinuddin, Kamal.
_95530
245 1 0 _aTragedy of errors :
_bEast Pakistan crisis, 1968-1971 /
_cKamal Matinuddin.
250 _a1st ed.
260 _aLahore, Pakistan :
_bWajidalis,
_c1994.
300 _a530 p. :
_bill., maps ;
_c23 cm.
504 _aIncludes bibliographical references (p. 513-519) and index.
650 0 _aIndia-Pakistan Conflict, 1971.
_95188
651 0 _aBangladesh
_xHistory
_yRevolution, 1971.
_95531
906 _a7
_bcbc
_cnccpada
_d3
_encip
_f19
_gy-gencatlg
942 _2ddc
_cBK